000 00339nam a2200145Ia 4500
008 191201s1995 xx 000 0 und d
082 _a746.13
_bJHT
100 _aJOHNSON, Alan
245 0 _aTheory of Coloration of Textiles
250 _aRep.
260 _aLondan
_bSDC
_c1995
300 _a552
650 _aB.Tech(TE)
942 _2ddc
_cBK
999 _c3966
_d3966